Escravidão e Modernização no Brasil do Século XIX (Record no. 4913)

MARC details
000 -LÍDER
campo de controle de tamanho fixo 00838 a2200277 4500
001 - NÚMERO DE CONTROLE
campo de controle 4913
003 - IDENTIFICADOR DO NÚMERO DE CONTROLE
campo de controle Complexo Educacional Contemporaneo
005 - DATA E HORÁRIO DA ÚLTIMA TRANSAÇÃO
campo de controle 20230919125743.0
008 - CAMPO DE DADOS FIXOS--INFORMAÇÃO GERAL
campo de controle de tamanho fixo 191105s2000 r por d
020 ## - ISBN - INTERNATIONAL STANDARD BOOK NUMBER
ISBN - International Standard Book Number 85-357-0075-7
040 ## - FONTE DA CATALOGAÇÃO
Instituição da catalogação original Complexo Educacional Contemporaneo
Idioma da catalogação por
080 ## - CDU - CLASSIFICAÇÃO DECIMAL UNIVERSAL
Número da Classificação Decimal Universal (CDU) 94(81)
082 ## - CDD - CLASSIFICAÇÃO DECIMAL DE DEWEY
Número de Classificação 94(81)
090 ## - NÚMERO DE CHAMADA LOCAL
Número de chamada (OCLC) (R); Número de chamada, CALL (RLIN) (NR) 94(81) V845e
Número Cutter local (OCLC); Número de classificação do livro, CALL (RLIN) AP
-- A Vida no Tempo
100 ## - ENTRADA PRINCIPAL--NOME PESSOAL
Nome pessoal Vitorino, Artur José Renda
240 10 - TÍTULO UNIFORME
Título uniforme Escravidão e Modernização no Brasil do Século XIX
Idioma da obra Português
260 ## - PUBLICAÇÃO, DISTRIBUIÇÃO, ETC.
Local de publicação, distribuição, etc. São Paulo
Nome do editor, distribuidor, etc. Atual
Data da publicação, distribuição, etc. 2000
245 10 - TÍTULO
Título Escravidão e Modernização no Brasil do Século XIX
300 ## - DESCRIÇÃO FÍSICA
Extensão 39p.
362 0# - DATAS DE PUBLICAÇÃO E/OU DESIGNAÇÃO SEQUENCIAL
Datas de publicação e/ou designação sequencial (2000)
500 ## - NOTA GERAL
Nota geral Contém Suplemento de Trabalho
650 #4 - ASSUNTO--TERMO TÓPICO
Cabeçalho tópico ou nome geográfico Brasil Império
650 #4 - ASSUNTO--TERMO TÓPICO
Cabeçalho tópico ou nome geográfico Escravos
650 #4 - ASSUNTO--TERMO TÓPICO
Cabeçalho tópico ou nome geográfico Século 20
Holdings
Situação do descarte Situação das perdas Fonte da classificação ou esquema de arquivamento na estante Situação física Não pode ser emprestado Biblioteca de origem Biblioteca atual Data de aquisição Total de empréstimos Código de barras Data de último acesso Número do exemplar Data do preço efetivo Tipo de material Koha
          Contemporâneo - Cidade Verde Contemporâneo - Cidade Verde 05/11/2019   02923 19/09/2023 1 19/09/2023 Livros